01742cam a22003613a 45000010008000000030009000080050017000170070008000340080031000420100006000730200018000790400025000970820028001221000036001502450112001862500032002982600037003303000040003675000070004075050250004775900026007276000009007536500034007626500024007966500042008207000024008629100052008869420012009389520135009509520139010859520139012249990017013630000679DO-SdBNP20230515114749.00000679861112 2006 mx c 000 0 spa d a  a9789587042443 aBPMSUcspadBPMSUd  4a305.23 bB462m 20062221 aBenedetti, Mariod1920-200994210aMemoria y esperanza bun mensaje a los jóvenes /cMario Benedetti ; fotografías Larry Towell...[et al]. a8a. reimpr. de agosto 2009. aMéxico :bAlfaguara,c2006.b  a89, [2] p. :b il. fots. ; c24 cm. aIncluye datos biográficos del autor en la solapa de la cubierta0 a Un mundo de paciencia y asco. Con los jóvenes. La razón de la inocencia. La infancia falseada. American way of death. La hipocresía. Canción basura. Sexo y amor. La juventud perdurable. El continente joven. El secreto de la salvación. aInventariado, 2023/VM00a x  4aJuventudxAspectos sociales.  4aJuventudvPoesías 4aJuventudvEnsayos, conferencias, etc.1 aTowell, Larryefot. aYLOCKWARD/ VMateo V. Control de calidad (BPMSU) 2ddccBK 00102ddc40708CJ-GaBPMETbBPMETd2016-09-16eALFAGUARAoBPMSU CG 305.23 B462m 2006pBPMSU16090360r2016-09-16w2016-09-16yBK 00102ddc40708CJ-GaBPMETbBPMETd2016-09-16eALFAGUARAoBPMSU CG 305.23 B462m 2006pBPMSU16090361r2016-09-16te.2w2016-09-16yBK 00102ddc40708CJ-GaBPMETbBPMETd2016-09-16eALFAGUARAoBPMSU CG 305.23 B462m 2006pBPMSU16090362r2016-09-16te.3w2016-09-16yBK c11419d11419